| 000 | 00968ntm a2200241 a 4500 | ||
|---|---|---|---|
| 001 | 37725 | ||
| 003 | BD-RjUL | ||
| 005 | 20211209052636.0 | ||
| 008 | 150325s2010 bg a|||| mb|| 00| 0 eng d | ||
| 035 | _a(BD-RjUL)37829 | ||
| 040 |
_aBD-RjUL _beng _cBD-RjUL _dBD-RjUL |
||
| 041 | _aeng | ||
| 082 |
_223 _a633.158 _bISG 2010 |
||
| 100 |
_aIslam, Md. Asadul _9116421 |
||
| 245 |
_aGrowth and Yield of Maize as Influenced by Soil Moisture Management Practice and Level of Nitrozen / _cby Md. Asadul Islam _6Supervisor: Arifur Rahman. |
||
| 260 |
_aRajshahi: _bDepartment Of Agronomy and Agricultural Extention, University of Rajshahi, _c2010 |
||
| 300 |
_axvi, 135 leaves : _bill.; _c29 cm. |
||
| 502 | _aThesis (Ph.D.)--Department Of Agronomy and Agricultural Extention, University of Rajshahi--2010. | ||
| 504 | _aReferences: Leaves [112] - 135 | ||
| 650 |
_aMaize Cultivation _vManagement _9116422 |
||
| 700 |
_aRahman, Arifur, Supervisor _9116423 |
||
| 942 |
_2ddc _cTHE |
||
| 999 |
_c37725 _d37725 |
||